000 00627nam a2200229 i 4500
001 C2-0223935
003 PPAK
005 20180728152631.0
008 000311s my a|||| ||||| | may d
022 _a0126-5059
040 _aPPAK
_beng
_cPPAK
_erda
082 0 4 _a899.2305
_223
090 0 0 _a899.2305
_bDEW
_dR
245 0 0 _aDewan Sastera
264 1 _aKuala Lumpur :
_bDewan Bahasa dan Pustaka ,
_cJan - Dis 1997
300 _avarious pages :
_billustrations
336 _2rdacontent
_atext
337 _2rdamedia
_aunmediated
338 _2rdacarrier
_avolume
650 1 0 _aLiterature - Periodicals
942 _ddc
_cB
999 _c144965
_d144965